000
00237nam a22001097a 4500
082
_a
660 HAR'P
100
_a
HARRISTT, PETER
_9
78012
245
_a
PROCESS CONTROL
260
_a
NEWYORK
_b
MCGRAW HILL
_c
1964
300
_a
374P
942
_c
BK
999
_c
583173
_d
583173